| 000 | 00925nas a2200313 4500 | ||
|---|---|---|---|
| 001 | BR2019000588 | ||
| 003 | BR-BrBNA | ||
| 005 | 20231205131621.0 | ||
| 007 | ta | ||
| 008 | 230509b bl.|||p| |||| 00| 00por d | ||
| 040 |
_aBR-BrBNA _bpor _cBiblioteca Nacional de Agricultura |
||
| 041 | _a(Pt) | ||
| 072 | _aH20 | ||
| 100 | 1 | _aSantos, A. | |
| 100 | 1 | _aPires, R.A. | |
| 100 | 1 | _aSoares Filho, A. de O. | |
| 100 | 1 | _aNovais, Q.S. | |
| 100 | 1 | _aCaliman, M.E. | |
| 100 | 1 | _aBezerra, J.L. | |
| 245 | 1 | _aDois novos hospedeiros de Prillieuxina winteriana (Ascomycota)da família Annonaceae | |
| 650 | _aARATICUM | ||
| 650 | _aDOENÇA FÚNJICA | ||
| 650 | _aHOSPEDEIRO | ||
| 650 | _aTAXONOMIA | ||
| 773 | 0 |
_tAgrotrópica (Brazil) _xISSN 0103-3816 _g(Jan-Apr 2018), v. 30(1) p. 39-42 _wBR2019000588 |
|
| 856 | 4 | 0 | _dLink DSPACE/MAPA BR2019000588 |
| 909 |
_a202311 _bLúcia _c55 _dLúcia Elande |
||
| 942 |
_2AGRIS _n0 _cANA |
||
| 999 |
_c255738 _d255738 |
||